Kamus penerbitan dan percetakan (Record no. 42101)

MARC details
000 -LEADER
fixed length control field 00571nam a2200217 i 4500
001 - CONTROL NUMBER
control field C2-0133646
003 - CONTROL NUMBER IDENTIFIER
control field PPAK
005 - DATE AND TIME OF LATEST TRANSACTION
control field 20180727123511.0
008 - FIXED-LENGTH DATA ELEMENTS--GENERAL INFORMATION
fixed length control field 971201s1993 my |||| ||||| | may d
020 ## - INTERNATIONAL STANDARD BOOK NUMBER
International Standard Book Number 9837200278
040 ## - CATALOGING SOURCE
Original cataloging agency PPAK
Language of cataloging eng
Transcribing agency PPAK
Description conventions rda
082 04 - DEWEY DECIMAL CLASSIFICATION NUMBER
Classification number 070.5
Edition number 23
090 00 - LOCALLY ASSIGNED LC-TYPE CALL NUMBER (OCLC); LOCAL CALL NUMBER (RLIN)
Classification number (OCLC) (R) ; Classification number, CALL (RLIN) (NR) 070.5
Feature heading KAM
Feature heading R
245 00 - TITLE STATEMENT
Title Kamus penerbitan dan percetakan
264 #1 - PRODUCTION, PUBLICATION, DISTRIBUTION, MANUFACTURE, AND COPYRIGHT NOTICE
Place of production, publication, distribution, manufacture Kuala Lumpur :
Name of producer, publisher, distributor, manufacturer Goldens Books Centre ,
Date of production, publication, distribution, manufacture, or copyright notice 1993
300 ## - PHYSICAL DESCRIPTION
Extent 130 pages ;
Dimensions 19 cm
336 ## - CONTENT TYPE
Source rdacontent
Content type term text
337 ## - MEDIA TYPE
Source rdamedia
Media type term unmediated
338 ## - CARRIER TYPE
Source rdacarrier
Carrier type term volume
942 ## - ADDED ENTRY ELEMENTS (KOHA)
-- dc
Koha item type Book
Holdings
Withdrawn Not for loan Current library Shelving location Date acquired Full call number Barcode Date last seen Koha item type
  Not For Loan Perpustakaan Alor Setar Rujukan Dewasa 01/12/1997 R 070.5 KAM A00100071 08/05/2018 Book
  Not For Loan Perpustakaan Awam Sungai Petani Rujukan Dewasa 31/03/2004 R 070.5 KAM A00426819 08/05/2018 Book
  Not For Loan Perpustakaan Jitra Rujukan Dewasa 15/04/2004 R 070.5 KAM A00848655 08/05/2018 Book
  Not For Loan Perpustakaan Langkawi Rujukan Dewasa 11/10/2005 R 070.5 KAM A00354553 08/05/2018 Book
  Not For Loan Perpustakaan Merbok Rujukan Dewasa 01/12/1997 R 070.5 KAM A00100070 08/05/2018 Book